بندہٓ زمانہ: (Record no. 608244)

000 -LEADER
fixed length control field 00676nam a2200205 a 4500
003 - CONTROL NUMBER IDENTIFIER
control field OSt
005 - DATE AND TIME OF LATEST TRANSACTION
control field 20240226152331.0
008 - FIXED-LENGTH DATA ELEMENTS--GENERAL INFORMATION
fixed length control field 180220t2007 pk | |||| 000 d urd d
020 ## - INTERNATIONAL STANDARD BOOK NUMBER
International Standard Book Number 9693519663
040 ## - CATALOGING SOURCE
Transcribing agency 0
082 ## - DEWEY DECIMAL CLASSIFICATION NUMBER
Classification number 891.4392
Author Mark ISH 2007
100 1# - MAIN ENTRY--PERSONAL NAME
Personal name اشفاق احمد
9 (RLIN) 48655
245 10 - TITLE STATEMENT
Title بندہٓ زمانہ:
Remainder of title تلقين شاہ
Statement of responsibility, etc. Ishfaq Ahmad
246 ## - VARYING FORM OF TITLE
Title proper/short title Banda i Zamana:
Remainder of title Talqeen shah
260 ## - PUBLICATION, DISTRIBUTION, ETC.
Place of publication, distribution, etc. Lahor:
Name of publisher, distributor, etc. Sang e Meel Pub;
Date of publication, distribution, etc. 2007.
300 ## - PHYSICAL DESCRIPTION
Extent 360 p.
650 ## - SUBJECT ADDED ENTRY--TOPICAL TERM
Topical term or geographic name entry element Urdu literature
Form subdivision Radio Drama(Talqeen Shah)
9 (RLIN) 121342
942 ## - ADDED ENTRY ELEMENTS (KOHA)
Source of classification or shelving scheme
Koha item type Book
Institution code [OBSOLETE] SADA
Call number prefix 891.4392 ISH 2007
Holdings
Withdrawn status Lost status Source of classification or shelving scheme Damaged status Not for loan Permanent Location Current Location Date acquired Source of acquisition Total Checkouts Full call number Barcode Date last seen Cost, replacement price Price effective from Koha item type
          School of Art Design and Architecture (SADA) School of Art Design and Architecture (SADA) 02/09/2018 Donation   891.4392 ISH 2007 SADAD0000322 02/26/2024 630.00 02/26/2024 Book
© 2023 Central Library, National University of Sciences and Technology. All Rights Reserved.